Регионална библиотека "Любен Каравелов" - Русе

Корали (Запис номер 421517)

MARC детайли
000 -Лидер
Контролно поле с фиксирана дължина nam a22 a 4500
003 - Код на организацията, давaща контролен номер
Контролно поле BLK
005 - Дата и час на последна редакция
Контролно поле 20210625091057.0
008 - Елементи от данни с фиксирана дължина
fixed length control field 200315b bul|||||r ||||||| ||bul||
040 ## - Източник на каталожния запис
Идентификатор на билиотеката - собственик на записа BLK
041 ## - Код за език
Код за езика на текст/звукозапис или на отделно заглавие Български
Код за езика КДБФ Български
080 ## - УДК
Текстов определител УДК Датска литература
УДК код - определител по УДК 821.113.4
УДК определител -93-32
УДК - код + определител 821.113.4 -93-32
100 ## - Редна дума - Автор
Автор Евалд, Карл
Авторска отговорност първи автор
R(LIN) 458804
139 ## - Редно поле
Редна дума Евалд, Карл
245 10 - Сведения за заглавието
Заглавие Корали
Редно поле (дума) Карл Евалд ; Прев. Г. Бакалов
257 ## - Страна на издаване
Страна на създаване/издаване България
260 ## - Област на издателските данни
Място на издаване, разпространение и проч. София
Име на издателя, разпространителя и проч. Хемус
Година на издаване [1919]
300 ## - Физическа характеристика
Страници 39 с.
Илюстрации и др. с ил
Размери/Мащаб 15 см
380 ## - Жанр
Жанр Детска худож. лит.
490 ## - СЕРИИ (Колекции)
Име на серия Илюстр. малка библиотека за ученици и ученички от прогимназиите
9 (RLIN) 432268
№: серия N 27
700 ## - Други автори (авторска отговорност)
9 (RLIN) 1064
Лично име Бакалов, Георги Иванов
Автороска отговорност (Описва отношението между автора и произведението) прев. от дат.
852 ## - Местоположение
Форматна сигнатура Цб 8.145.48983
Фондова буква Хранилище
856 4# - Електронен адрес и достъп
Електронен формат pdf - файл
Път до файла /url/
856 4# - Електронен адрес и достъп
Електронен формат pdf - файл
Път до файла /url/
999 ## - СИСТЕМНИ КОНТРОЛНИ НОМЕРА
Koha biblionumber 421517
Koha biblioitemnumber 421517
942 ## - АРТИКУЛИ
Вид на библиотечния материал Книги
Скрит в OPAC Не
Източник на класификационната схема Universal Decimal Classification
Периодичен библиозапис Да
944 ## - СЪЗДАВАНЕ И РЕДАКЦИЯ на ЗАПИСА
Създаване/Редакция Създаване
Дата на регистрацията/редакция 2021-06-25
Служител, извършил регистрацията/редакцията К.Д.
Наличности
Код за отписване Код за изгубен артикул Източник на класификационната схема Код за повреда Коз за рестрикции Код за отдаване Артикулен № Име на библиотеката - собственик Име на библиотеката, в която се намира в момента Статус (Текущо местоположение) Дата на вписване в системата Местоположение - отдел Цена в лева Инвентарен номер Систематично азбучна сигнатура Баркод Цена в евро Служебен тип на артикула
  Не е изгубен Universal Decimal Classification Не е повреден само за читалня ползва се в читалня 841244 Регионална библиотека "Любен Каравелов" Русе Регионална библиотека "Любен Каравелов" Русе Хранилище 2021-07-06 Основен фонд - ползва се само за читалня 0.08 12537/58 Цб 8.145.48983 900000065745 0.04 Книги
Vip Innovations Ltd, Rousse, Bulgaria 2025